000 00924 a2200205 4500
001 120279
020 _a9788572088107
040 _cEscola Canadense de Niteroi
090 _aA6 - ALB
100 _aOrlando
245 1 0 _aAdote um amigo
250 _a1. ed.
260 _aSão Paulo
300 _bil.
_c4 x 14.8 x 0.8 cm
362 0 _a2012
520 _aQual criança nunca sentiu, pelo menos uma vez, vontade de ter um animal de estimação ? Pois foi sem querer que babe acabou indo para nos braços de Igor. E tudo por cauda de um certo anúncio e de uma estranha mulher... Essa e as outras aventuras pelas quais passariam só estavam começando. Com as irreverentes ilustrações de orlando, esta obra mostra a bonita relação de amizade e cuidado entre a pessoas, crianças ou adultos, e os seus bichos queridos .
650 4 _aLiteratura Infanto Juvenil
650 4 _aAnimais de Estimação
942 _cBK
999 _c120279
_d120279